000 00566nam a22001817a 4500
003 OSt
005 20251121094140.0
008 251121b |||||||| |||| 00| 0 eng d
020 _a0-935236-14-7
040 _aDWC-Main lib
_c OC
082 _aCirc. 610.73 N342 1981
100 _aCreighton, N.
245 _aNursing care planning guides set 5
_cCreighton, Neal M.
260 _aCalifornia :
_bNurseco,
_cc1981.
300 _a220 pages :
_c22 cm.
650 _2Nursing
942 _2ddc
_cBK-CIRC
_hCirc. 610.73 N342 1981
_kCirc.
_n0
999 _c5958
_d5958